| 000 | 00907nam a2200265 i 4500 | ||
|---|---|---|---|
| 001 | 62495 | ||
| 003 | ES-MaACL | ||
| 005 | 20251121165509.0 | ||
| 007 | t| | ||
| 008 | 031121s1942 sp |||| |dspa d | ||
| 080 | _a929 Cortés, Hernán | ||
| 080 | _a94(72)"1517/21" | ||
| 100 | 1 |
_aDíaz del Castillo, Bernal. _944257 |
|
| 245 | 1 | 0 |
_aBernal Díaz del Castillo _b: (antología) / _cselección y prólogo de Darío Fernández Flórez. |
| 250 | _a2ª ed. | ||
| 260 |
_aMadrid : _bEdiciones Fe, _c1942 ( _fUguina) |
||
| 300 |
_a239 p. ; _c17 cm. |
||
| 490 | 1 | _aBreviarios del pensamiento español | |
| 600 | 1 | 4 |
_aCortés, Hernán, _d1485-1547 _940853 |
| 651 | 4 |
_aMéxico- _xHistoria- _y1517-1521, Descubrimiento y conquista. _9136484 |
|
| 700 | 1 |
_aFernández-Flórez, Darío. _949786 |
|
| 830 | 0 |
_aBreviarios del pensamiento español _9180739 |
|
| 852 |
_aES-MaACL _jG-4373 |
||
| 999 |
_c62495 _d62495 |
||